Translatologie in der Praxis (Wirtschaftsdeutsch)

Guardado en:
Detalles Bibliográficos
Autor principal: Seresová, Katarína, 1967-
Otros Autores: Lišková, Danuša, Ehrgangová, Elena
Formato: Libro
Lenguaje:alemán
Publicado: Bratislava Vydavateľstvo EKONÓM 2009
Materias:
Etiquetas: Agregar Etiqueta
Sin Etiquetas, Sea el primero en etiquetar este registro!

MARC

LEADER 00000nam$a2200000$$$4500
001 0108058
005 20240502072207.3
020 |a 978-80-225-2861-0 
041 0 |a ger 
044 |a SK 
245 1 0 |a Translatologie in der Praxis (Wirtschaftsdeutsch)  |c Katarína Seresová 
264 1 |a Bratislava  |b Vydavateľstvo EKONÓM  |c 2009 
300 |a 100 s. [4,334 AH] 
610 2 0 |a jazykoveda 
610 2 0 |a jazyky cudzie 
610 2 0 |a terminológia 
100 1 |a Seresová, Katarína, 1967- 
700 1 |a Lišková, Danuša 
700 1 |a Ehrgangová, Elena